[Event "Campionat de Catalunya 2021 Sub16-20"]
[Site "Salou, Spain"]
[Date "2021.03.31"]
[Round "8.7"]
[White "Funes Ostos, Aitor"]
[Black "Jimenez Munoz, Nicolas"]
[Result "1/2-1/2"]
[WhiteFideId "24538140"]
[BlackFideId "32092172"]
[WhiteElo "1882"]
[BlackElo "2083"]

1. Nf3 {[%clk 01:30:58]} {[%emt 00:00:01]} Nf6 {[%clk 01:30:52]} {[%emt
00:00:08]} 2. b3 {[%clk 01:31:24]} {[%emt 00:00:05]} g6 {[%clk 01:31:10]}
{[%emt 00:00:12]} 3. Bb2 {[%clk 01:31:50]} {[%emt 00:00:04]} Bg7 {[%clk
01:31:35]} {[%emt 00:00:05]} 4. e3 {[%clk 01:32:16]} {[%emt 00:00:04]} O-O
{[%clk 01:31:49]} {[%emt 00:00:17]} 5. c4 {[%clk 01:32:16]} {[%emt 00:00:30]}
b6 {[%clk 01:31:24]} {[%emt 00:00:55]} 6. Be2 {[%clk 01:32:31]} {[%emt
00:00:14]} Bb7 {[%clk 01:31:35]} {[%emt 00:00:20]} 7. d4 {[%clk 01:32:46]}
{[%emt 00:00:15]} d6 {[%emt 00:01:14]} 8. O-O {[%clk 01:32:32]} {[%emt
00:00:04]} Nbd7 {[%clk 01:31:27]} {[%emt 00:00:33]} 9. h3 {[%clk 01:30:15]}
{[%emt 00:02:47]} e6 {[%clk 01:30:41]} {[%emt 00:01:16]} 10. Nc3 {[%clk
01:30:14]} {[%emt 00:00:31]} Qe7 {[%clk 01:29:12]} {[%emt 00:01:59]} 11. Qd2
{[%clk 01:21:34]} {[%emt 00:09:10]} c5 {[%emt 00:06:45]} 12. Rfd1 {[%clk
01:16:54]} {[%emt 00:00:13]} Rfd8 {[%emt 00:04:05]} 13. a3 {[%emt 00:04:55]}
Rac8 {[%clk 01:24:22]} {[%emt 00:00:48]} 14. Ne1 {[%clk 01:11:52]} {[%emt
00:00:47]} cxd4 {[%clk 01:22:19]} {[%emt 00:02:33]} 15. exd4 {[%clk 01:12:13]}
{[%emt 00:00:08]} d5 {[%clk 01:21:46]} {[%emt 00:01:03]} 16. a4 {[%clk
01:08:32]} {[%emt 00:04:11]} dxc4 {[%clk 01:19:46]} {[%emt 00:02:30]} 17. Ba3
{[%clk 01:07:44]} {[%emt 00:01:18]} Qe8 {[%clk 01:18:45]} {[%emt 00:01:31]} 18.
bxc4 {[%clk 01:06:28]} {[%emt 00:01:47]} Ne4 {[%clk 01:14:45]} {[%emt
00:04:30]} 19. Nxe4 {[%clk 01:01:16]} {[%emt 00:05:42]} Bxe4 {[%clk 01:15:10]}
{[%emt 00:00:06]} 20. Qe3 {[%emt 00:02:53]} Bb7 {[%clk 01:13:24]} {[%emt
00:00:56]} 21. Rab1 {[%clk 00:59:39]} {[%emt 00:01:02]} Ba6 {[%clk 01:11:39]}
{[%emt 00:02:16]} 22. Qb3 {[%clk 00:54:39]} {[%emt 00:05:30]} Nb8 {[%clk
01:11:10]} {[%emt 00:00:59]} 23. Nf3 {[%clk 00:50:49]} {[%emt 00:04:20]} Nc6
{[%clk 01:10:49]} {[%emt 00:00:52]} 24. Qe3 {[%emt 00:01:44]} Na5 {[%clk
01:08:50]} {[%emt 00:01:34]} 25. c5 {[%clk 00:47:41]} {[%emt 00:03:19]} Bxe2
{[%clk 01:05:47]} {[%emt 00:03:33]} 26. Qxe2 {[%clk 00:48:06]} {[%emt
00:00:05]} Qxa4 {[%emt 00:06:34]} 27. Ra1 {[%clk 00:38:38]} {[%emt 00:04:11]}
Nb3 {[%clk 00:59:21]} {[%emt 00:06:38]} 28. Ra2 {[%clk 00:38:56]} {[%emt
00:00:12]} Nxd4 {[%clk 00:58:46]} {[%emt 00:01:06]} 29. Nxd4 {[%clk 00:39:14]}
{[%emt 00:00:12]} Rxd4 {[%clk 00:58:52]} {[%emt 00:00:25]} 30. Rb1 {[%clk
00:38:02]} {[%emt 00:01:42]} Rcd8 {[%clk 00:52:50]} {[%emt 00:06:31]} 31. Kh2
{[%clk 00:35:11]} {[%emt 00:03:20]} Rd1 {[%clk 00:48:13]} {[%emt 00:05:08]} 32.
Bb4 {[%clk 00:30:48]} {[%emt 00:04:53]} Qd7 {[%clk 00:47:53]} {[%emt 00:00:50]}
33. Rxd1 {[%clk 00:30:55]} {[%emt 00:00:24]} Qxd1 {[%clk 00:48:17]} {[%emt
00:00:06]} 34. Qxd1 {[%emt 00:00:11]} Rxd1 {[%clk 00:48:46]} 35. Rxa7 {[%clk
00:31:36]} {[%emt 00:00:08]} Be5+ {[%clk 00:45:26]} {[%emt 00:03:50]} 36. g3
{[%clk 00:31:54]} {[%emt 00:00:11]} bxc5 {[%clk 00:45:30]} {[%emt 00:00:27]} 37.
Bxc5 {[%clk 00:32:11]} {[%emt 00:00:13]} Kg7 {[%clk 00:42:23]} {[%emt
00:03:37]} 38. Kg2 {[%clk 00:31:47]} {[%emt 00:00:54]} g5 {[%clk 00:39:02]}
{[%emt 00:03:52]} 39. Ra8 {[%clk 00:28:46]} {[%emt 00:03:31]} h6 {[%emt
00:03:08]} 40. Ra7 {[%clk 00:26:05]} {[%emt 00:01:51]} Kg6 {[%clk 00:37:26]}
{[%emt 00:00:48]} 41. g4 {[%emt 00:03:23]} Rd2 {[%clk 00:33:10]} {[%emt
00:02:22]} 42. Rb7 {[%clk 00:24:22]} {[%emt 00:01:44]} Rc2 {[%clk 00:30:12]}
{[%emt 00:03:27]} 43. Be3 {[%clk 00:24:35]} {[%emt 00:00:18]} f5 {[%emt
00:03:46]} 44. Rb6 {[%clk 00:19:46]} {[%emt 00:03:34]} Kf6 {[%clk 00:29:04]}
{[%emt 00:00:06]} 45. gxf5 {[%clk 00:19:50]} {[%emt 00:00:26]} Kxf5 {[%clk
00:29:32]} {[%emt 00:00:03]} 46. Rb5 {[%clk 00:18:53]} {[%emt 00:01:27]} Kf6
{[%emt 00:05:42]} 47. Kf3 {[%clk 00:12:12]} {[%emt 00:02:13]} Rb2 {[%clk
00:27:55]} {[%emt 00:01:52]} 48. Ra5 {[%clk 00:12:25]} {[%emt 00:00:17]} Rb3
{[%clk 00:27:40]} {[%emt 00:00:44]} 49. Kg2 {[%clk 00:10:15]} {[%emt 00:02:41]}
Bf4 {[%clk 00:27:04]} {[%emt 00:01:06]} 50. Bxf4 {[%clk 00:09:58]} {[%emt
00:00:47]} gxf4 {[%clk 00:27:29]} {[%emt 00:00:05]} 51. Rh5 {[%emt 00:01:03]}
Kg6 {[%clk 00:22:00]} {[%emt 00:05:00]} 52. Re5 {[%clk 00:10:47]} {[%emt
00:00:06]} h5 {[%clk 00:21:52]} {[%emt 00:00:38]} 53. Rxe6+ {[%clk 00:11:11]}
{[%emt 00:00:07]} Kf5 {[%clk 00:21:42]} {[%emt 00:00:39]} 54. Re8 {[%emt
00:05:23]} Rd3 {[%clk 00:18:47]} {[%emt 00:00:30]} 55. Rf8+ {[%clk 00:09:26]}
{[%emt 00:00:16]} Kg5 {[%emt 00:02:00]} 56. Rg8+ {[%clk 00:08:46]} {[%emt
00:00:30]} Kh4 {[%clk 00:17:26]} {[%emt 00:01:02]} 57. Rf8 {[%clk 00:09:03]}
{[%emt 00:00:13]} f3+ {[%clk 00:16:59]} {[%emt 00:00:57]} 58. Kh2 {[%clk
00:08:28]} {[%emt 00:01:05]} Kg5 {[%clk 00:16:35]} {[%emt 00:00:54]} 59. Rf7
{[%emt 00:00:33]} h4 {[%clk 00:16:02]} {[%emt 00:00:37]} 60. Rf8 {[%clk
00:08:09]} {[%emt 00:00:37]} 1/2-1/2

[Event "Campionat de Catalunya 2021 Sub16-20"]
[Site "Salou, Spain"]
[Date "2021.03.31"]
[Round "8.8"]
[White "Roca Planas, Edgar"]
[Black "Cervello Navarro, Hector"]
[Result "1-0"]
[WhiteFideId "24561290"]
[BlackFideId "24585181"]
[WhiteElo "2003"]
[BlackElo "1885"]

1. e4 {[%clk 01:30:57]} {[%emt 00:00:02]} e5 {[%clk 01:30:48]} {[%emt
00:00:13]} 2. Nf3 {[%clk 01:31:21]} {[%emt 00:00:05]} Nc6 {[%clk 01:31:14]}
{[%emt 00:00:04]} 3. Bc4 {[%clk 01:31:30]} {[%emt 00:00:21]} Bc5 {[%clk
01:31:25]} {[%emt 00:00:19]} 4. c3 {[%clk 01:31:50]} {[%emt 00:00:10]} Nf6
{[%clk 01:31:49]} {[%emt 00:00:06]} 5. d3 {[%clk 01:32:11]} {[%emt 00:00:09]}
d6 {[%clk 01:31:32]} {[%emt 00:00:46]} 6. Bb3 {[%clk 01:32:25]} {[%emt
00:00:16]} a6 {[%clk 01:31:29]} {[%emt 00:00:33]} 7. Nbd2 {[%clk 01:32:47]}
{[%emt 00:00:07]} Ba7 {[%clk 01:31:53]} {[%emt 00:00:06]} 8. h3 {[%clk
01:33:00]} {[%emt 00:00:17]} h6 {[%clk 01:32:00]} {[%emt 00:00:23]} 9. Nf1
{[%clk 01:33:03]} {[%emt 00:00:27]} Be6 {[%clk 01:30:49]} {[%emt 00:01:41]} 10.
Be3 {[%clk 01:31:32]} {[%emt 00:02:01]} Qd7 {[%clk 01:24:10]} {[%emt 00:07:10]}
11. Bxa7 {[%clk 01:30:31]} {[%emt 00:01:30]} Nxa7 {[%clk 01:24:11]} {[%emt
00:00:28]} 12. a4 {[%clk 01:28:38]} {[%emt 00:02:24]} O-O {[%clk 01:17:52]}
{[%emt 00:06:49]} 13. a5 {[%clk 01:26:11]} {[%emt 00:02:57]} Nc6 {[%clk
01:11:24]} {[%emt 00:06:58]} 14. Ba4 {[%clk 01:25:35]} {[%emt 00:01:06]} Qe7
{[%clk 01:11:09]} {[%emt 00:00:45]} 15. Bxc6 {[%clk 01:25:51]} {[%emt
00:00:14]} bxc6 {[%clk 01:11:21]} {[%emt 00:00:18]} 16. b4 {[%clk 01:14:12]}
{[%emt 00:12:09]} Bd7 {[%clk 01:08:38]} {[%emt 00:03:13]} 17. Ng3 {[%clk
01:11:00]} {[%emt 00:03:42]} Nh7 {[%clk 01:05:34]} {[%emt 00:03:34]} 18. O-O
{[%clk 01:07:06]} {[%emt 00:04:24]} f5 {[%clk 01:03:08]} {[%emt 00:02:56]} 19.
exf5 {[%clk 01:06:11]} {[%emt 00:01:25]} Bxf5 {[%clk 01:02:49]} {[%emt
00:00:50]} 20. d4 {[%clk 01:01:58]} {[%emt 00:04:42]} e4 {[%clk 00:58:21]}
{[%emt 00:04:57]} 21. Nd2 {[%clk 00:58:25]} {[%emt 00:04:04]} d5 {[%clk
00:54:20]} {[%emt 00:04:31]} 22. Qe2 {[%clk 00:57:49]} {[%emt 00:01:05]} Ng5
{[%clk 00:44:46]} {[%emt 00:10:05]} 23. Nxf5 {[%clk 00:49:27]} {[%emt
00:08:52]} Rxf5 {[%clk 00:45:00]} {[%emt 00:00:16]} 24. f3 {[%clk 00:49:39]}
{[%emt 00:00:17]} e3 {[%clk 00:24:05]} {[%emt 00:21:26]} 25. f4 {[%clk
00:40:11]} {[%emt 00:09:58]} Nf7 {[%clk 00:15:12]} {[%emt 00:09:23]} 26. Rae1
{[%clk 00:38:43]} {[%emt 00:01:57]} Re8 {[%clk 00:14:58]} {[%emt 00:00:44]} 27.
Nb3 {[%clk 00:38:40]} {[%emt 00:00:33]} Nd6 {[%clk 00:14:01]} {[%emt 00:01:27]}
28. Nc5 {[%clk 00:36:31]} {[%emt 00:02:39]} Nc4 {[%clk 00:08:50]} {[%emt
00:05:41]} 29. g4 {[%clk 00:30:24]} {[%emt 00:06:36]} Rff8 {[%clk 00:07:03]}
{[%emt 00:02:17]} 30. Rf3 {[%clk 00:29:38]} {[%emt 00:01:16]} Qh4 {[%clk
00:07:00]} {[%emt 00:00:34]} 31. Kg2 {[%clk 00:25:11]} {[%emt 00:04:57]} h5
{[%clk 00:06:08]} {[%emt 00:01:22]} 32. Nd3 {[%clk 00:18:12]} {[%emt 00:07:28]}
hxg4 {[%clk 00:06:15]} {[%emt 00:00:24]} 33. hxg4 {[%clk 00:18:38]} {[%emt
00:00:05]} Qxg4+ {[%clk 00:06:20]} {[%emt 00:00:25]} 34. Rg3 {[%clk 00:19:03]}
{[%emt 00:00:04]} Qxe2+ {[%clk 00:05:33]} {[%emt 00:01:17]} 35. Rxe2 {[%clk
00:19:28]} {[%emt 00:00:05]} Re4 {[%clk 00:04:36]} {[%emt 00:01:27]} 36. Rg4
{[%clk 00:16:06]} {[%emt 00:03:52]} Rf6 {[%clk 00:02:18]} {[%emt 00:02:48]} 37.
Kg3 {[%clk 00:15:13]} {[%emt 00:01:24]} Kf8 {[%clk 00:00:33]} {[%emt 00:02:15]}
38. Nc5 {[%clk 00:15:24]} {[%emt 00:00:18]} Re7 {[%clk 00:00:33]} {[%emt
00:00:31]} 39. Nxa6 {[%clk 00:15:42]} {[%emt 00:00:13]} Na3 {[%clk 00:00:33]}
{[%emt 00:00:29]} 40. Kf3 {[%clk 00:15:43]} {[%emt 00:00:29]} Rh6 {[%clk
00:00:33]} {[%emt 00:00:31]} 41. Rg3 {[%clk 00:15:19]} {[%emt 00:00:54]} Nc4
{[%clk 00:00:39]} {[%emt 00:00:23]} 42. Nb8 {[%clk 00:13:48]} {[%emt 00:02:02]}
Re8 {[%clk 00:00:32]} {[%emt 00:00:37]} 43. Nd7+ {[%clk 00:14:09]} {[%emt
00:00:08]} Kg8 {[%emt 00:01:37]} 44. Reg2 {[%clk 00:12:19]} {[%emt 00:01:11]}
Re7 {[%clk 00:00:32]} {[%emt 00:00:33]} 45. Ne5 {[%clk 00:12:42]} {[%emt
00:00:06]} Nd6 {[%clk 00:00:32]} {[%emt 00:00:30]} 46. Nxc6 {[%clk 00:11:09]}
{[%emt 00:02:03]} Rf7 {[%clk 00:00:41]} {[%emt 00:00:22]} 47. Ne5 {[%clk
00:11:30]} {[%emt 00:00:09]} Re7 {[%clk 00:00:49]} {[%emt 00:00:22]} 48. Rg6
{[%clk 00:09:48]} {[%emt 00:02:11]} Rh3+ {[%clk 00:00:44]} {[%emt 00:00:35]} 49.
Ke2 {[%clk 00:08:27]} {[%emt 00:01:51]} Nf5 {[%clk 00:00:41]} {[%emt 00:00:33]}
50. a6 {[%clk 00:08:04]} {[%emt 00:00:54]} Rh1 {[%clk 00:00:42]} {[%emt
00:00:29]} 51. R6g5 {[%clk 00:07:52]} {[%emt 00:00:42]} Nd6 {[%clk 00:00:35]}
{[%emt 00:00:37]} 52. Rg1 {[%clk 00:07:39]} {[%emt 00:00:43]} Rh3 {[%clk
00:00:31]} {[%emt 00:00:34]} 53. a7 {[%clk 00:07:34]} {[%emt 00:00:35]} 1-0